El Libertador Simón Bolívar, Presidente de la República de Colombia, en la Campaña de Pasto (1819-1822) (Registro nro. 37037)

Detalles MARC
000 -ENCABEZADO
Número de control [NR] 01851nam a2200253Ia 4500
005 - FECHA Y HORA DE LA ÚLTIMA TRANSACCIÓN
control field 20160311124255.0
008 - DE LONGITUD FIJA DE DATOS DE ELEMENTOS - INFORMACIÓN GENERAL
Elementos de longitud fija [NR] 130821s1922 ck ab gr spa
040 ## - FUENTE DE CATALOGACION [NR]
Agencia de catalogación original [NR] Co-BoUCM
Idioma de catalogación [NR] spa
Quien Cataloga Sandra Yazo
Quien Clasifica Sandra Yazo
041 0# - CODIGO DE IDIOMA [R]
Código de idioma para texto/pista de sonido o título separado [R] Español
082 04 - NUMERO DE CLASIFICACION DECIMAL DEWEY [R]
Número de clasificación [R] 986.104
Número de la edición [NR] 20
092 ## - SIGNATURA TOPOGRAFICA LOCAL
Número de clasificación local E19N105
100 1# - ASIENTO PRINCIPAL--NOMBRE PERSONAL [NR]
Nombre personal [NR] Rincón, Nemesiano
ID Autoridad 60643
245 13 - MENCION DE TITULO [NR]
Título [NR] El Libertador Simón Bolívar, Presidente de la República de Colombia, en la Campaña de Pasto (1819-1822)
Mención de responsabilidad, etc. [NR] Nemesiano Rincón
260 ## - PUBLICACION, DISTRIBUCION, ETC. (PIE DE IMPRENTA) [R]
Lugar de publicación, distribución, etc. [R] Pasto (Nariño, Colombia)
Nombre del editor, distribuidor, etc. [R] Imprenta del departamento
Fecha de publicación, distribución, etc. [R] 1922
300 ## - DESCRIPCION FISICA [R]
Extensión [R] 266, [2] páginas
Otros detalles físicos [NR] ilustraciones, mapas
500 ## - NOTA GENERAL [R]
Nota general [NR] Detalles físicos: Encuadernación rígida en cartón forrada en papel, punteras y lomo en cuero, con letras y adornos en dorado sobre el lomo. Conserva guardas, portada impresa a una sola tinta en varios tipos de letra. Texto impreso en una sola columna con márgenes amplios, notas al pie de página y varias ilustraciones entre el texto (págs.38, 86, 146, 174) otras en hoja plegada (184, 204) y un mapa de Cundinamarca (pág. 256). Catos pintados con manchas rojas. Una página suelta y rota con el retrato de simón Bolívar.
500 ## - NOTA GENERAL [R]
Nota general [NR] Incluye índice.
505 0# - NOTA DE CONTENIDO CON FORMATO PREESTABLECIDO [R]
Nota de contenido con formato preestablecido [NR] A quien leyere. ; Capítulo I pensamiento de Bolívar. ; Por qué se hizo la campaña del sur -- Capítulo II Campaña del sur - Capítulo II Bolívar sale de Bogotá a dirigir la campaña del sur - Capítulo IV paso de Juanambú. ; Batalla de Bomboná y sus consecuencias. ; Capítulo V la capitulación. ; Mártires de Bomboná. ; Gastos de la campaña del sur. ; Explicación del plano. ; Apéndice. ; Documentos varios.
506 ## - NOTA DE RESTRICCIONES DE ACCESO [R]
Condiciones de acceso [NR] Consulta en sala.
600 1# - ASIENTO SECUNDARIO DE MATERIA - NOMBRE PERSONAL [R]
Nombre personal [NR] Bolívar, Simón
Fechas asociadas con el nombre [NR] 1783-1830
Subdivisión general [R] Misiones militares
9 (RLIN) 76157
650 04 - ASIENTO SECUNDARIO DE MATERIA - TERMINO TEMATICO [R]
Término temático o nombre geográfico como elemento de entrada [NR] Historia de América
9 (RLIN) 16931
651 #4 - ASIENTO SECUNDARIO DE MATERIA - NOMBRE GEOGRAFICO [R]
Nombre geográfico [NR] Colombia
Subdivisión general [R] Historia
9 (RLIN) 26897
942 ## - ELEMENTOS DE ENTRADA AGREGADOS (KOHA)
Tipo de ítem principal el descrito en 300a Libro
Tema principal 21
Edición 1
Sistema de clasificación LOCAL
Clasificación E19N105
Existencias
Suprimido Perdido Sistema de clasificación Dañado No prestable Tipo de ítem específico Ubicación habitual Ubicación actual Localización Fecha de creación Forma de adquisición Costo Total préstamos Signatura topográfica Código de barras Última vez visto Ejemplar Price effective from Tipo de ítem
    LOCAL     Libro archivo Archivo Histórico Archivo Histórico Archivo histórico 28/02/2014 Donación 0.00   E19N105 L002921 15/12/2012 Ej.1 03/02/2013 Libro